000 00371nam a2200145Ia 4500
008 240624s9999 xx 000 0 und d
041 _aeng
082 _a658.575 HOD
100 _aHODOCK L CALVIN
245 _aWHY SMART COMPANIES DO DUMB THINGS AVOID
250 _a(1st ed.)
260 _c2007
_aNew York
_bPrometheus Books
300 _a357p. ;23cm.
365 _c
_b33
999 _c32809
_d32809